Algoritmický prístup k riešeniu problémov
Chápanie pojmu algoritmus. Algoritmický prístup k riešeniu problémov. Sieťová analýza – hľadanie kritickej cesty a nákladová analýza. Algoritmus riešenia dopravnej úlohy metódou potenciálov.
Uložené v:
| Hlavný autor: | |
|---|---|
| Médium: | Kapitola |
| Jazyk: | Slovak |
| Predmet: | |
| Tagy: |
Žiadne tagy, Buďte prvý, kto otaguje tento záznam!
|
MARC
| LEADER | 00000naa$a2200000$$$4500 | ||
|---|---|---|---|
| 001 | 0248117 | ||
| 005 | 20240502073952.9 | ||
| 041 | 0 | |a slo | |
| 044 | |a SK | ||
| 245 | 1 | 0 | |a Algoritmický prístup k riešeniu problémov |c Jozef Gajdoš |
| 520 | |a Chápanie pojmu algoritmus. Algoritmický prístup k riešeniu problémov. Sieťová analýza – hľadanie kritickej cesty a nákladová analýza. Algoritmus riešenia dopravnej úlohy metódou potenciálov. | ||
| 610 | 2 | 0 | |a algoritmy |
| 610 | 2 | 0 | |a doprava |
| 610 | 2 | 0 | |a náklady |
| 610 | 2 | 0 | |a analýza sieťová |
| 100 | 1 | |a Gajdoš, Jozef, 1962-2025 | |